[Event "It (open)"]
[Site "masterchessopen.com - New York (USA)"]
[Round "0"]
[White "Djuric Stefan (SRB)"]
[Black "Suba Mihai (ROM)"]
[Result "0-1"]
[WhiteElo "2463"]
[BlackElo "2471"]

1.d4 Nf6 2.c4 e6 3.Nf3 c5 4.d5 d6 5.Nc3 exd5 6.cxd5 g6 7.g3 Bg7 8.Bg2 O-O
9.O-O Na6 10.Nd2 Nc7 11.Nc4 Nfe8 12.a3 b6 13.Qc2 Ba6 14.Na2 Bxc4 15.Qxc4 b5
16.Qc2 a5 17.h4 b4 18.Bg5 Qb8 19.Nc1 bxa3 20.Rxa3 Qxb2 21.Qa4 f5 22.Nd3 Qb5
23.Rc1 Qxa4 24.Rxa4 Nb5 25.Rc2 Nec7 26.Bd2 Nd4 27.Rcc4 Nxe2+ 28.Kf1 Nd4
29.Bxa5 Ncb5 30.Nf4 Nb3 31.Be1 Na3 32.Rxa3 Rxa3 33.Ne6 Ra1 34.Ke2 Nd4+ 35.Nxd4
Bxd4 36.Bd2 Re8+ 37.Kf3 Ra3+ 38.Kf4 Re2 {#R} 0-1

[Event "Ch Paris"]
[Site "masterchessopen.com - Paris (France)"]
[Round "2"]
[White "Verat Laurent (FRA)"]
[Black "Timmer Robert (NED)"]
[Result "1-0"]
[WhiteElo "2338"]
[BlackElo "2295"]

1.d4 Nf6 2.c4 e6 3.g3 c5 4.d5 exd5 5.cxd5 d6 6.Nc3 g6 7.Bg2 Bg7 8.Nf3 O-O
9.O-O a6 10.a4 Nbd7 11.Bf4 Qc7 12.Rc1 Rb8 13.b4 b5 14.bxc5 Nxc5 15.axb5 axb5
16.Nd4 Ba6 17.Nc6 Rb6 18.Na2 Nfd7 19.Bd2 Re8 20.Re1 Qc8 21.Ba5 Rb7 22.Nab4 Qa8
23.e4 Nb6 24.e5 Nc4 25.exd6 Rxe1+ 26.Qxe1 Nb3 27.Bc7 Rxc7 28.dxc7 Nd6 29.Qe7
Bf8 30.Qd8 Bc8 31.Re1 {#r} 1-0

[Event "Ch URS (qual)"]
[Site "masterchessopen.com - Pavlodar (Kazakhstan)"]
[Round "0"]
[White "Janjgava Lasha (GEO)"]
[Black "Moldobaev Emelbek (KGZ)"]
[Result "1-0"]
[WhiteElo "2410"]
[BlackElo "2376"]

1.d4 Nf6 2.c4 e6 3.Nf3 c5 4.d5 exd5 5.cxd5 d6 6.Nc3 g6 7.g3 Bg7 8.Bg2 O-O
9.O-O a6 10.a4 Re8 11.h3 Nbd7 12.Bf4 Qc7 13.Rc1 Nh5 14.Bd2 Qd8 15.g4 Nhf6
16.Bf4 Qe7 17.e4 h5 18.g5 Nh7 19.Qd2 Rb8 20.Rfe1 Qf8 21.h4 b6 22.Nb1 b5
23.axb5 Rxb5 24.Rc2 Rb4 25.Na3 Nb6 26.Nh2 f5 27.e5 Bxe5 28.Bxe5 Rxe5 29.Rxe5
dxe5 30.Qc1 Nd7 31.Nc4 Qe7 32.Re2 Qd8 33.Nxe5 Nxe5 34.Rxe5 Rxh4 35.Qxc5 Nf8
36.d6 Bd7 37.Re7 {#r} 1-0

[Event "Ch Yugoslavia"]
[Site "masterchessopen.com - Yugoslavia"]
[Round "0"]
[White "Nikolic Predrag (BIH)"]
[Black "Cebalo Miso (CRO)"]
[Result "1-0"]
[WhiteElo "2620"]
[BlackElo "2478"]

1.d4 Nf6 2.c4 e6 3.Nf3 c5 4.d5 exd5 5.cxd5 d6 6.Nc3 g6 7.g3 Bg7 8.Bg2 O-O
9.O-O a6 10.a4 Nbd7 11.Bf4 Qe7 12.a5 b5 13.axb6 Rb8 14.e4 Rxb6 15.Nd2 Ne8
16.Nc4 Rb4 17.Na5 Nb8 18.Nc6 Nxc6 19.dxc6 Rxb2 20.Nd5 Qa7 21.Rb1 Rb5 22.Qd3 f5
23.Rxb5 axb5 24.Qxb5 fxe4 25.Bxe4 Bd4 26.Bg2 Kh8 27.h4 Qa2 28.c7 Ng7 29.Qb1
Qe2 30.Qe4 Qa2 31.Be3 Be5 32.Bxc5 Ba6 33.Re1 dxc5 34.Qxe5 Qxf2+ 35.Kh2 h5
36.Ra1 Bd3 37.Nf4 Bf5 38.Rf1 {#r} 1-0

[Event "It (open)"]
[Site "masterchessopen.com - Belgrade (Yugoslavia)"]
[Round "5"]
[White "Hulak Krunoslav (CRO)"]
[Black "Damljanovic Branko (SRB)"]
[Result "1-0"]
[WhiteElo "2490"]
[BlackElo "2565"]

1.d4 Nf6 2.c4 e6 3.g3 c5 4.d5 exd5 5.cxd5 d6 6.Nc3 g6 7.Bg2 Bg7 8.Nf3 O-O
9.O-O Na6 10.Nd2 Nc7 11.Nc4 Nfe8 12.Qc2 b6 13.a4 Ba6 14.b3 f5 15.Bb2 Qd7
16.Rfe1 f4 17.Ne4 Rd8 18.Rad1 Bxb2 19.Qxb2 Qe7 20.Qc1 Nf6 21.Qxf4 Nfxd5 22.Qc1
Nf6 23.Nexd6 Ne6 24.e3 Ng4 25.f4 h5 26.Qc2 Kg7 27.Bd5 Nc7 28.Bf3 Nh6 29.Qc3+
Qf6 30.Qxf6+ Kxf6 31.e4 Ne6 32.e5+ Kg7 33.Bd5 Nc7 34.e6 Bxc4 35.Bxc4 Rb8 36.e7
Rh8 37.Bb5 {#r} 1-0

[Event "?"]
[Site "masterchessopen.com - Berlin (Germany)"]
[Round "3"]
[White "Hulak Krunoslav (CRO)"]
[Black "Akesson Ralf (SWE)"]
[Result "1-0"]
[WhiteElo "2490"]
[BlackElo "2421"]

1.d4 Nf6 2.c4 e6 3.g3 c5 4.d5 exd5 5.cxd5 d6 6.Nc3 g6 7.Bg2 Bg7 8.Nf3 O-O
9.O-O Re8 10.Bf4 a6 11.a4 Qc7 12.Qc1 Bg4 13.Re1 Bxf3 14.Bxf3 Nbd7 15.b3 Rab8
16.Qa3 Ng4 17.Rec1 Nge5 18.Bg2 b5 19.axb5 axb5 20.Qa5 Qb7 21.Qa6 f5 22.Qxd6 b4
23.Nd1 Nf7 24.Qc6 Bxa1 25.Bxb8 Qxb8 26.Qxd7 Bd4 27.e3 Ne5 28.Qa4 Nd3 29.Rc2 f4
30.exd4 Re1+ 31.Bf1 f3 32.Ne3 {#r} 1-0

[Event "Ch Czechoslovakia (team)"]
[Site "masterchessopen.com - Czechoslovakia"]
[Round "0"]
[White "Riha Vaclav (CZE)"]
[Black "Haba Petr (CZE)"]
[Result "0-1"]
[WhiteElo "2310"]
[BlackElo "2475"]

1.d4 Nf6 2.c4 e6 3.g3 c5 4.d5 exd5 5.cxd5 d6 6.Nc3 g6 7.Bg2 Bg7 8.Nf3 O-O
9.O-O Na6 10.Nd2 Nc7 11.a4 b6 12.Nc4 Nfe8 13.Qd3 Ba6 14.b3 f5 15.Bb2 Nf6
16.Rad1 Qd7 17.Qc2 Rae8 18.Rfe1 Re7 19.Bc1 Bxc4 20.bxc4 Na6 21.Ba3 Rfe8 22.e3
Ng4 23.h3 Ne5 24.Qb3 g5 25.Kh1 Ng6 26.Bf3 g4 27.Be2 h5 28.hxg4 fxg4 29.Qc2 Ne5
30.Kg2 Nb4 31.Bxb4 cxb4 32.Nb5 Nf3 33.Bxf3 gxf3+ 34.Kh2 Re4 35.Rh1 Rh4+
36.gxh4 Qg4 37.Rdg1 {#R} 0-1

[Event "It (open)"]
[Site "masterchessopen.com - Groningen (Netherlands)"]
[Round "0"]
[White "Dam Ruurd (NED)"]
[Black "Norwood David (ENG)"]
[Result "0-1"]
[WhiteElo "2255"]
[BlackElo "2470"]

1.d4 Nf6 2.c4 e6 3.g3 c5 4.d5 exd5 5.cxd5 d6 6.Nc3 g6 7.Bg2 Bg7 8.Nf3 O-O
9.O-O Re8 10.Bf4 Ne4 11.Nxe4 Rxe4 12.Nd2 Rxf4 13.gxf4 Bxb2 14.Rb1 Bg7 15.Nf3
Nd7 16.e4 Nf6 17.e5 Nh5 18.Qa4 Bd7 19.Qe4 Bf5 20.Qc4 b6 21.e6 Bh6 22.Rbd1 Nxf4
23.Rfe1 Qf6 24.exf7+ Qxf7 25.h4 Rf8 26.Ng5 Bxg5 27.hxg5 Bd3 {#R} 0-1

[Event "?"]
[Site "masterchessopen.com - Kastel Stari (Croatia)"]
[Round "0"]
[White "Hulak Krunoslav (CRO)"]
[Black "Ionescu Constantin (ROM)"]
[Result "0-1"]
[WhiteElo "2490"]
[BlackElo "2436"]

1.d4 Nf6 2.c4 e6 3.g3 c5 4.d5 exd5 5.cxd5 d6 6.Nc3 g6 7.Bg2 Bg7 8.Nf3 O-O
9.O-O Na6 10.Nd2 Nc7 11.a4 b6 12.Rb1 Re8 13.Re1 Ba6 14.h3 Qe7 15.Qc2 c4 16.Rd1
Rac8 17.e4 Nd7 18.Na2 Ne5 19.Nb4 Bb7 20.f4 Nd3 21.Nxd3 cxd3 22.Qxd3 Ba6 23.Qa3
Qd7 24.b4 Nxd5 25.exd5 Be2 26.Re1 Bd4+ 27.Kh2 Rc3 28.Rb3 Rc2 29.Ne4 Rxe4
30.Bxe4 Bf1+ {#R} 0-1

[Event "Ch Leningrad"]
[Site "masterchessopen.com - Leningrad (Russia)"]
[Round "0"]
[White "Khalifman Alexander (RUS)"]
[Black "Solozhenkin Evgeniy (RUS)"]
[Result "1-0"]
[WhiteElo "2530"]
[BlackElo "2489"]

1.d4 Nf6 2.c4 e6 3.g3 c5 4.d5 exd5 5.cxd5 d6 6.Nc3 g6 7.Bg2 Bg7 8.Nf3 O-O
9.O-O Na6 10.h3 Bd7 11.Bf4 Re8 12.Bxd6 Bxh3 13.Bf4 Bxg2 14.Kxg2 Ne4 15.Nxe4
Rxe4 16.Qd3 Qe8 17.d6 Rd8 18.Rad1 Rd7 19.Qd2 f6 20.Rh1 Bf8 21.Qc3 Qf7 22.Rd2
Bg7 23.b3 Re8 24.a3 g5 25.Be3 f5 26.Qd3 h6 27.Bxg5 c4 28.bxc4 Nc5 29.Qd5 Qxd5
30.Rxd5 hxg5 31.Rxc5 Rxd6 32.Nxg5 f4 33.gxf4 Bd4 34.Rc7 Rxe2 35.Rhh7 Rd8
36.Rh6 {#r} 1-0

[Event "Ch Netherlands (team)"]
[Site "masterchessopen.com - Netherlands"]
[Round "0"]
[White "Sosonko Gennadi (NED)"]
[Black "Hoeksema Hendrik Pieter (NED)"]
[Result "1-0"]
[WhiteElo "2535"]
[BlackElo "2355"]

1.d4 Nf6 2.c4 e6 3.g3 c5 4.d5 exd5 5.cxd5 d6 6.Nc3 g6 7.Bg2 Bg7 8.Nf3 O-O
9.O-O Re8 10.h3 a6 11.a4 Nbd7 12.Qc2 Rb8 13.a5 b5 14.axb6 Nxb6 15.e4 Nfd7
16.Re1 Qc7 17.Bf1 c4 18.Na4 Nxa4 19.Rxa4 Nb6 20.Ra2 f5 21.Ng5 fxe4 22.Rxe4 Bf5
23.Rxe8+ Rxe8 24.Qd1 c3 25.bxc3 Qxc3 26.Re2 Rxe2 27.Qxe2 Be5 28.Be3 Qa5 29.Qf3
h6 30.g4 hxg5 31.gxf5 Kg7 32.fxg6 Qxd5 33.Qh5 {#r} 1-0

[Event "It (open)"]
[Site "masterchessopen.com - New York (USA)"]
[Round "0"]
[White "Drasko Milan (MNE)"]
[Black "Suba Mihai (ROM)"]
[Result "0-1"]
[WhiteElo "2510"]
[BlackElo "2471"]

1.d4 Nf6 2.c4 e6 3.Nf3 c5 4.d5 d6 5.Nc3 exd5 6.cxd5 g6 7.g3 Bg7 8.Bg2 O-O
9.O-O Na6 10.Nd2 Nc7 11.Nc4 Nfe8 12.a4 b6 13.Qc2 f5 14.Rb1 Ba6 15.Na2 Qd7
16.Rd1 Bxc4 17.Qxc4 a6 18.Qc2 b5 19.b4 c4 20.Be3 Nf6 21.Bd4 bxa4 22.Bb2 Nb5
23.Qxa4 Rac8 24.Bxf6 Bxf6 25.Qxa6 Qe8 26.Rd2 Ra8 27.Qc6 c3 28.Rc2 Nd4 29.Qxe8
Rfxe8 30.Rbc1 Nxe2+ 31.Rxe2 Rxe2 32.Nxc3 Bxc3 33.Rxc3 Ra1+ 34.Bf1 Ree1 {#R}
0-1

[Event "?"]
[Site "masterchessopen.com - Sofia (Bulgaria)"]
[Round "0"]
[White "Vasovski Nikola (MKD)"]
[Black "Kapengut Albert Z (BLR)"]
[Result "0-1"]
[WhiteElo "2299"]
[BlackElo "2402"]

1.d4 Nf6 2.c4 c5 3.d5 e6 4.Nc3 exd5 5.cxd5 d6 6.Nf3 g6 7.g3 Bg7 8.Bg2 O-O
9.O-O a6 10.a4 Nbd7 11.Bf4 Qe7 12.a5 Rb8 13.e4 h6 14.Re1 g5 15.Bxd6 Qxd6 16.e5
Nxe5 17.Nxe5 Rd8 18.Nc4 Qf8 19.d6 Ne8 20.Nd5 Bd4 21.Ne7+ Kg7 22.Nxc8 Rbxc8
23.Bh3 Nxd6 24.Nb6 Rc7 25.Nd5 Ne4 26.Rxe4 Rxd5 27.Qe2 Qd6 28.Rc1 Re5 29.Rxe5
Bxe5 30.b3 Re7 31.Rd1 Bd4 32.Qc2 Qe5 33.Qf5 Qxf5 34.Bxf5 Re2 35.Rf1 Rb2 {#R}
0-1

[Event "?"]
[Site "masterchessopen.com - Tel Aviv (Israel)"]
[Round "0"]
[White "Lahav Ehud (ISR)"]
[Black "Gruenfeld Yehuda (ISR)"]
[Result "1-0"]
[WhiteElo "2287"]
[BlackElo "2520"]

1.d4 Nf6 2.Nf3 c5 3.d5 g6 4.c4 Bg7 5.Nc3 O-O 6.g3 e6 7.Bg2 exd5 8.cxd5 d6
9.O-O Re8 10.Bf4 Na6 11.Re1 Nc7 12.e4 Nh5 13.Bg5 f6 14.Bd2 b5 15.h3 Bf8 16.a3
a5 17.b4 axb4 18.axb4 Rxa1 19.Qxa1 cxb4 20.Na2 f5 21.Nxb4 Rxe4 22.Rxe4 fxe4
23.Ng5 Bd7 24.Nxe4 Ne8 25.Qa7 Qc8 26.Nc6 Nhf6 27.Nxf6+ Nxf6 28.Bc3 Ne8 29.Qd4
Bg7 30.Qe3 Qc7 31.Ba5 Qb7 32.Nd8 Qa8 33.Qe7 Qxa5 34.Qxd7 Qe1+ 35.Kh2 h5 36.Ne6
{#r} 1-0

[Event "It (open)"]
[Site "masterchessopen.com - Bad Woerishofen (Germany)"]
[Round "0"]
[White "Gutman Lev (GER)"]
[Black "Brunner Lucas (SUI)"]
[Result "0-1"]
[WhiteElo "2535"]
[BlackElo "2505"]

1.d4 Nf6 2.c4 e6 3.g3 c5 4.d5 exd5 5.cxd5 d6 6.Nc3 g6 7.Bg2 Bg7 8.Nf3 O-O
9.O-O Na6 10.Nd2 Nc7 11.a4 b6 12.Rb1 Ng4 13.h3 Nh6 14.Nde4 Ne8 15.Bf4 f6
16.Qc1 Nf7 17.Bd2 h6 18.f4 f5 19.Nf2 Ba6 20.Qc2 Qd7 21.g4 Nf6 22.gxf5 Qxf5
23.e4 Qd7 24.Rfe1 Rae8 25.Re3 g5 26.e5 gxf4 27.exf6 fxe3 28.Ng4 exd2 29.Ne4
Ng5 30.Nxd2 h5 31.fxg7 Qxg7 {#R} 0-1

[Event "Bundesliga 1988/89 (2nd)"]
[Site "masterchessopen.com - Germany"]
[Round "0"]
[White "Schulze Hanjo (GER)"]
[Black "Haist Wolfgang (GER)"]
[Result "1-0"]
[WhiteElo "2215"]
[BlackElo "2247"]

1.d4 Nf6 2.c4 c5 3.d5 e6 4.Nc3 exd5 5.cxd5 d6 6.g3 g6 7.Bg2 Bg7 8.Nf3 O-O
9.O-O a6 10.a4 Re8 11.h3 Nbd7 12.Kh2 Ne5 13.Nd2 Rb8 14.f4 Neg4+ 15.hxg4 Nxg4+
16.Kh1 Ne3 17.Qb3 Qd7 18.Nce4 Nxg2 19.Kxg2 Qh3+ 20.Kg1 f5 21.Nf2 Bd4 22.Qf3 b5
23.Ra3 b4 24.Rd3 Qh6 25.Nc4 Qf8 26.b3 Qf6 27.e3 Bc3 28.Nd1 Re4 29.Rf2 Bd7
30.Bb2 Rxc4 31.bxc4 Bxb2 32.Nxb2 b3 33.Qd1 {#r} 1-0

[Event "It (cat.10)"]
[Site "masterchessopen.com - London (England)"]
[Round "0"]
[White "Davies Nigel R (ENG)"]
[Black "Suba Mihai (ROM)"]
[Result "0-1"]
[WhiteElo "2465"]
[BlackElo "2500"]

1.d4 Nf6 2.c4 e6 3.g3 c5 4.d5 exd5 5.cxd5 d6 6.Bg2 g6 7.Nc3 Bg7 8.Nf3 O-O
9.O-O Na6 10.Nd2 Nc7 11.a4 b6 12.Rb1 Re8 13.Re1 Qe7 14.h3 Ba6 15.Nde4 Nxe4
16.Nxe4 f5 17.Bg5 Qf8 18.Nc3 b5 19.axb5 Nxb5 20.Nxb5 Bxb5 21.Bd2 a5 22.Bf3 a4
23.Qc1 Reb8 24.h4 Bd7 25.Bc3 Rb3 26.Ra1 Rab8 27.Ra2 Bxc3 28.bxc3 Qf6 29.Rc2 a3
30.e3 Bb5 31.Qd2 Bc4 32.Be2 Bxe2 33.Rxe2 Qe5 34.Kg2 Rb2 35.Qd1 Qe4+ 36.f3 Qxc2
{#R} 0-1

[Event "It (open)"]
[Site "masterchessopen.com - Lugano (Switzerland)"]
[Round "2"]
[White "Zinani Alessandro (ITA)"]
[Black "Maus Soenke (GER)"]
[Result "0-1"]
[WhiteElo "2197"]
[BlackElo "2403"]

1.d4 Nf6 2.Nf3 c5 3.d5 d6 4.g3 e6 5.c4 exd5 6.cxd5 g6 7.Nc3 Bg7 8.Bg2 O-O
9.O-O Re8 10.Bf4 Nh5 11.Bg5 Qd7 12.a4 Na6 13.Re1 h6 14.Be3 Nc7 15.Nd2 b6
16.Nc4 Ba6 17.Qd3 Re7 18.b3 Rae8 19.Rac1 Bxc4 20.Qxc4 a6 21.Bf3 b5 22.Qd3 Nf6
23.Bf4 g5 24.Bd2 b4 25.Nd1 Ne4 26.Be3 f5 27.Rc2 Re5 28.Bg2 Rxd5 29.Qc4 Qe6
30.f3 Nc3 31.Bd2 Nxd1 32.e4 Bd4+ 33.Kf1 fxe4 34.Rxd1 exf3 35.Bxf3 Rf8 36.Kg2
Rxf3 37.Kxf3 g4+ 38.Kf4 Qf5# 0-1

[Event "It (open)"]
[Site "masterchessopen.com - Muenster (Germany)"]
[Round "3"]
[White "Koch Thomas (GER)"]
[Black "Telljohann Sven (GER)"]
[Result "1-0"]
[WhiteElo "2054"]
[BlackElo "2424"]

1.d4 g6 2.Nf3 Bg7 3.g3 Nf6 4.Bg2 O-O 5.c4 c5 6.d5 e6 7.Nc3 exd5 8.cxd5 d6
9.O-O Na6 10.Nd2 Nc7 11.a4 Re8 12.Nc4 b6 13.Nxd6 Qxd6 14.Bf4 Qd8 15.d6 Ne6
16.Bxa8 Nxf4 17.gxf4 Bh3 18.Bg2 Bxg2 19.Kxg2 Ng4 20.e3 Qh4 21.h3 Nh6 22.d7 Rd8
23.Qd5 Nf5 24.Rad1 Qh5 25.e4 Nh4+ 26.Kh2 Be5 27.Rd3 Bxf4+ 28.Kh1 g5 29.e5 Qg6
30.Re1 Qe6 31.Qxe6 fxe6 32.Nb5 Nf5 33.Nxa7 Nd4 34.Nc8 Rxd7 35.Nxb6 Ra7 36.b3
Rb7 37.a5 Nc6 38.Nc4 {#r} 1-0

[Event "It (open)"]
[Site "masterchessopen.com - New York (USA)"]
[Round "0"]
[White "Hulak Krunoslav (CRO)"]
[Black "Bonin Jay R (USA)"]
[Result "1-0"]
[WhiteElo "2550"]
[BlackElo "2400"]

1.d4 Nf6 2.c4 e6 3.g3 c5 4.d5 exd5 5.cxd5 d6 6.Bg2 g6 7.Nc3 Bg7 8.Nf3 O-O
9.O-O a6 10.a4 Re8 11.Bf4 Ne4 12.Nxe4 Rxe4 13.Nd2 Rxf4 14.gxf4 Bxb2 15.Rb1 Bg7
16.Nc4 b5 17.axb5 axb5 18.Rxb5 Ba6 19.Ra5 Nd7 20.Qa4 Nb6 21.Nxb6 Qxb6 22.Qa2
Bc3 23.Ra4 Kg7 24.Rb1 Qa7 25.e3 c4 26.Bf1 Bf6 27.Qa3 {#r} 1-0

[Event "It (open)"]
[Site "masterchessopen.com - New York (USA)"]
[Round "0"]
[White "Razuvaev Yuri S (RUS)"]
[Black "Nickoloff Bryon (CAN)"]
[Result "1-0"]
[WhiteElo "2545"]
[BlackElo "2420"]

1.d4 Nf6 2.c4 e6 3.g3 c5 4.d5 exd5 5.cxd5 d6 6.Nc3 g6 7.Bg2 Bg7 8.Nf3 O-O
9.O-O Qe7 10.h3 Nbd7 11.Re1 Rb8 12.a4 Ne4 13.Ra3 Ndf6 14.Nd2 Ng5 15.Kh2 Qd7
16.g4 h5 17.Nc4 hxg4 18.Bxg5 gxh3 19.Bf3 Ng4+ {#r} 1-0

[Event "It (a)"]
[Site "masterchessopen.com - Sochi (Russia)"]
[Round "0"]
[White "Razuvaev Yuri S (RUS)"]
[Black "Ruban Vadim (RUS)"]
[Result "1-0"]
[WhiteElo "2545"]
[BlackElo "2515"]

1.d4 Nf6 2.c4 e6 3.g3 c5 4.d5 exd5 5.cxd5 d6 6.Nc3 g6 7.Bg2 Bg7 8.Nf3 O-O
9.O-O a6 10.a4 Nbd7 11.Bf4 Qe7 12.Qc2 h6 13.Rab1 Re8 14.Rfe1 g5 15.Bd2 Nb6
16.Qb3 Nbd7 17.a5 Rb8 18.Qa2 b5 19.axb6 Rxb6 20.Na4 Rb8 21.e4 Ng4 22.b4 cxb4
23.Rxb4 Rxb4 24.Bxb4 Nde5 25.Nxe5 Bxe5 26.h3 Nf6 27.Nb2 g4 28.h4 Qa7 29.Nc4
Bxg3 30.Nxd6 Rd8 31.Rc1 Bxd6 32.Bxd6 Nh5 33.Qb2 Qd7 34.Rc6 Bb7 35.Rb6 Bc8
36.Be5 Kh7 37.Qd2 {#r} 1-0

[Event "It (open) \"]
[Site "masterchessopen.com - Budapest (Hungary)"]
[Round "0"]
[White "Horvath Erno Dr (HUN)"]
[Black "Marin Mihail (ROM)"]
[Result "0-1"]
[WhiteElo "2130"]
[BlackElo "2480"]

1.d4 Nf6 2.c4 c5 3.d5 d6 4.Nc3 g6 5.g3 e6 6.Bg2 exd5 7.cxd5 Bg7 8.Nf3 O-O
9.O-O Re8 10.h3 a6 11.a4 Ne4 12.Ra3 Nd7 13.Qc2 Ndf6 14.Nh4 Nxc3 15.bxc3 c4
16.a5 b5 17.axb6 Qxb6 18.Be3 Rxe3 19.fxe3 Qxe3+ 20.Kh2 Nh5 21.Rf3 Qe7 22.Bf1
Be5 23.Ng2 Nxg3 24.Kg1 Bxh3 25.e4 Qg5 26.Bxc4 Bxg2 {#R} 0-1

[Event "It (b)"]
[Site "masterchessopen.com - Cheliabinsk (Russia)"]
[Round "0"]
[White "Sherbakov Ruslan (RUS)"]
[Black "Radoja Djordje (SRB)"]
[Result "1-0"]
[WhiteElo "2507"]
[BlackElo "2241"]

1.d4 Nf6 2.c4 c5 3.d5 e6 4.Nc3 exd5 5.cxd5 d6 6.g3 g6 7.Bg2 Bg7 8.Nf3 O-O
9.O-O Re8 10.Bf4 a6 11.a4 Qe7 12.h3 Nbd7 13.e4 Nh5 14.Bg5 Nhf6 15.Re1 h6
16.Bd2 Rb8 17.Bf1 g5 18.Rb1 Ne5 19.Nxe5 Qxe5 20.b4 cxb4 21.Rxb4 Nd7 22.a5 b5
23.axb6 Rxb6 24.Na4 Rxb4 25.Bxb4 Qe7 26.Bg2 Be5 27.Qd2 Qf6 28.Rc1 h5 29.Bc3
Bxc3 30.Rxc3 Ne5 31.Nb6 Bd7 32.f4 gxf4 33.gxf4 Qd8 34.Rg3+ Kf8 35.Qd4 Ng6
36.Rxg6 fxg6 37.Qh8+ {#r} 1-0

[Event "It"]
[Site "masterchessopen.com - Clichy (France)"]
[Round "0"]
[White "Verat Laurent (FRA)"]
[Black "Beran Josef (CZE)"]
[Result "1-0"]
[WhiteElo "2338"]
[BlackElo "2270"]

1.d4 Nf6 2.c4 e6 3.g3 c5 4.d5 exd5 5.cxd5 d6 6.Nc3 g6 7.Bg2 Bg7 8.Nf3 O-O
9.O-O a6 10.a4 Re8 11.Bf4 h6 12.Qc1 Kh7 13.Re1 Nh5 14.Bd2 Nf6 15.e4 Nbd7 16.h3
Rb8 17.Rb1 c4 18.Be3 b5 19.axb5 axb5 20.Nd4 Ne5 21.Nc6 Nxc6 22.dxc6 Qc7 23.Ra1
Be6 24.Ra7 Qc8 25.e5 Bxh3 26.exf6 Bxg2 27.Kxg2 Qxc6+ 28.f3 Bf8 29.Rxf7+ Kg8
30.Ra7 Re6 31.Bxh6 Rxe1 32.Qxe1 Bxh6 33.Qe6+ {#r} 1-0

[Event "Bundesliga 1990/91"]
[Site "masterchessopen.com - Germany"]
[Round "0"]
[White "Hausner Ivan (CZE)"]
[Black "Razuvaev Yuri S (RUS)"]
[Result "0-1"]
[WhiteElo "2440"]
[BlackElo "2545"]

1.d4 Nf6 2.c4 e6 3.g3 c5 4.d5 exd5 5.cxd5 d6 6.Nc3 g6 7.Bg2 Bg7 8.Nf3 O-O
9.O-O Na6 10.Re1 Re8 11.e4 Bg4 12.Bf4 Nd7 13.Qb3 Bxf3 14.Bxf3 Ne5 15.Be2 Rb8
16.Nb5 c4 17.Qa3 Nc5 18.Be3 Ned3 19.Nxd6 Bxb2 20.Qxb2 Nxb2 21.Bxc5 Re7 22.Ba3
b5 23.Rab1 Nd3 24.Bxd3 cxd3 25.e5 d2 26.Re2 b4 27.Bb2 Qxd6 28.exd6 Rxe2 29.Kf1
d1=Q+ {#R} 0-1

[Event "Ch Norway"]
[Site "masterchessopen.com - Norway"]
[Round "2"]
[White "Kristiansen Erling (NOR)"]
[Black "Henriksen Geir (NOR)"]
[Result "1-0"]
[WhiteElo "2220"]
[BlackElo "2223"]

1.d4 Nf6 2.c4 c5 3.d5 e6 4.Nc3 d6 5.Nf3 g6 6.g3 exd5 7.cxd5 Bg7 8.Bg2 O-O
9.O-O Na6 10.Nd2 Nc7 11.a4 b6 12.h3 Ba6 13.Re1 Qd7 14.Nf1 Rfe8 15.e4 Bxf1
16.Bxf1 a6 17.Bg2 Rab8 18.Bf4 Nh5 19.Be3 b5 20.axb5 axb5 21.Ra7 b4 22.Na4 Qd8
23.g4 Nf6 24.Bf4 Nb5 25.Ra6 Nd7 26.Bxd6 Nxd6 27.Rxd6 Bd4 28.b3 Qe7 29.Ra6 Kh8
30.Qc2 f5 31.Re6 Qf8 32.exf5 gxf5 33.Qxf5 Qg8 34.Rxe8 Rxe8 35.Rxe8 Qxe8 36.Be4
Nf6 37.Bd3 {#r} 1-0

[Event "Ch Paris (open)"]
[Site "masterchessopen.com - Paris (France)"]
[Round "0"]
[White "Razuvaev Yuri S (RUS)"]
[Black "Stempin Pawel (POL)"]
[Result "1-0"]
[WhiteElo "2545"]
[BlackElo "2362"]

1.d4 Nf6 2.c4 e6 3.g3 c5 4.d5 exd5 5.cxd5 d6 6.Nc3 g6 7.Bg2 Bg7 8.Nf3 O-O
9.O-O Na6 10.h3 Re8 11.Nd2 Nc7 12.a4 b6 13.e4 Qe7 14.Qc2 Ba6 15.Rd1 Nd7 16.Nf3
Bxc3 17.Qxc3 Qxe4 18.Bh6 f6 19.Ng5 Qc4 20.Qxc4 Bxc4 21.Ne4 Rxe4 22.Bxe4 f5
23.Bg2 Nf6 24.Bf4 Rd8 25.Bg5 Kg7 26.Rac1 Ba6 27.b4 h6 28.Bd2 Bb7 29.Bc3 Na6
30.Re1 Kf7 31.Bxf6 Kxf6 32.Re6+ Kf7 33.Rce1 Rd7 34.g4 fxg4 35.Be4 Nc7 36.Rxg6
Nxd5 37.Rxh6 {#r} 1-0

[Event "It \"]
[Site "masterchessopen.com - Prague (Czech Republic)"]
[Round "11"]
[White "Hausner Ivan (CZE)"]
[Black "Voigt Martin (GER)"]
[Result "1-0"]
[WhiteElo "2440"]
[BlackElo "2364"]

1.d4 Nf6 2.c4 c5 3.d5 e6 4.Nc3 exd5 5.cxd5 d6 6.g3 g6 7.Bg2 Bg7 8.Nf3 O-O
9.O-O a6 10.a4 Re8 11.Bf4 Nh5 12.Bg5 f6 13.Bd2 f5 14.Ng5 Ra7 15.Qb3 Bf6 16.Ne6
Qe7 17.Qb6 Ra8 18.Nc7 Nd7 19.Qb3 Rb8 20.Nxe8 Qxe8 21.e4 Ne5 22.exf5 Bxf5
23.Ne4 Bxe4 24.Bxe4 b5 25.axb5 axb5 26.Qc2 Nc4 27.Bc3 Nxb2 28.Bxf6 Nxf6
29.Qxb2 Nxe4 30.Rfe1 Qe7 31.Qe2 Kf7 32.Qf3+ {#r} 1-0

[Event "It (open)"]
[Site "masterchessopen.com - Pula (Croatia)"]
[Round "0"]
[White "Djurkovic Maks (SLO)"]
[Black "Covic Darko (CRO)"]
[Result "0-1"]
[WhiteElo "2150"]
[BlackElo "2267"]

1.d4 Nf6 2.Nf3 c5 3.d5 e6 4.c4 exd5 5.cxd5 d6 6.Nc3 g6 7.g3 Bg7 8.Bg2 O-O
9.O-O a6 10.a4 Nbd7 11.Bf4 Ne8 12.Nd2 Ne5 13.Qb3 Rb8 14.Bxe5 Bxe5 15.Nc4 Bg7
16.Nb6 Nc7 17.Nxc8 Qxc8 18.Qb6 Rd8 19.f4 Na8 20.Qb3 b5 21.axb5 axb5 22.f5 b4
23.Ne4 c4 24.Qe3 Nb6 25.f6 Bf8 26.Rad1 Re8 27.Rd4 Na4 28.b3 cxb3 29.Qxb3 Nc5
30.Qb1 b3 31.h3 Nxe4 32.Bxe4 Qxh3 33.Rf3 b2 34.Bf5 Qh6 35.Rh4 Qc1+ 36.Kf2 gxf5
37.Qxf5 b1=Q 38.Rg4+ Kh8 {#R} 0-1

[Event "It (open)"]
[Site "masterchessopen.com - Rome (Italy)"]
[Round "5"]
[White "Corso Sergio (ITA)"]
[Black "Mrdja Milan (CRO)"]
[Result "0-1"]
[WhiteElo "2311"]
[BlackElo "2395"]

1.d4 Nf6 2.c4 e6 3.Nc3 c5 4.d5 exd5 5.cxd5 d6 6.g3 g6 7.Bg2 Bg7 8.Nf3 O-O
9.O-O a6 10.a4 Nbd7 11.h3 Rb8 12.Rb1 Ne8 13.Bg5 f6 14.Bd2 Ne5 15.Kh2 Nc4
16.Be1 f5 17.Qc1 Bd7 18.Nd2 Na5 19.f4 Rc8 20.b3 b5 21.Rf3 Nf6 22.Re3 Qb6
23.Bf2 Qb7 24.axb5 axb5 25.b4 cxb4 26.Rxb4 Rfe8 27.Ndb1 Nc4 28.Rxe8+ Nxe8
29.Qd1 Nc7 30.Rb3 Na6 31.Nd2 Na5 32.Na2 Nxb3 33.Nxb3 Qc7 34.Qd2 Qc2 35.Qa5
Qxe2 {#R} 0-1

[Event "It (KO-system)"]
[Site "masterchessopen.com - Rotterdam (Netherlands)"]
[Round "0"]
[White "Blees Albert (NED)"]
[Black "Carlier Bruno (NED)"]
[Result "1-0"]
[WhiteElo "2400"]
[BlackElo "2380"]

1.d4 Nf6 2.c4 e6 3.g3 c5 4.d5 exd5 5.cxd5 d6 6.Nc3 g6 7.Bg2 Bg7 8.Nf3 O-O
9.O-O Na6 10.h3 Nc7 11.e4 Rb8 12.a4 a6 13.Re1 Nd7 14.Bf4 Ne5 15.Nxe5 dxe5
16.Be3 Qd6 17.a5 Bd7 18.Qc2 Rfc8 19.Rec1 Bf8 20.f4 f6 21.Qf2 Nb5 22.Na4 Nd4
23.Nb6 Bb5 24.Nxc8 Rxc8 25.fxe5 fxe5 26.Bxd4 exd4 27.Qf4 Qxf4 28.gxf4 Bh6
29.Re1 Bxf4 30.e5 Be3+ 31.Rxe3 dxe3 32.d6 Kg7 33.Ra3 e2 34.Re3 Rf8 35.Kh2 Kf7
36.e6+ Ke8 37.Bxb7 Rf6 38.Rxe2 {#r} 1-0